Автоматизированная аэростатная лебедка: Заключительный отчет о НИР; Приложение № 9; 1. ЛА - 12.00.00. Рама; 2. ЛА - 10.00.00. Плита ; 3. ЛА - 15.00.00. Опора ручного привода; Тема: 4-130/75

Detaylı Bibliyografya
Müşterek Yazar: Томский политехнический университет (595)
Diğer Yazarlar: Беляев А. Е. (руководитель), Снегирев Д. П. (исполнитель)
Dil:Rusça
Baskı/Yayın Bilgisi: Томск, 1979
Konular:
Materyal Türü: MixedMaterials Kitap
KOHA link:https://koha.lib.tpu.ru/cgi-bin/koha/opac-detail.pl?biblionumber=156080

MARC

LEADER 00000nbm0a2200000 4500
001 156080
005 20231031152904.0
029 0 0 |a SU  |b № ГР 76012894  |f ТПУ 
035 |a (RuTPU)RU\TPU\book\169280 
035 |a RU\TPU\book\169269 
090 |a 156080 
100 |a 20090323d1981 k y0rusy50 ca 
101 0 |a rus 
102 |a RU 
105 |a a p 000zy 
200 1 |a Автоматизированная аэростатная лебедка  |e Заключительный отчет о НИР  |e Приложение № 9; 1. ЛА - 12.00.00. Рама; 2. ЛА - 10.00.00. Плита ; 3. ЛА - 15.00.00. Опора ручного привода  |e Тема: 4-130/75  |f Томский политехнический университет ; руководитель А. Е. Беляев ; Д. П. Снегирев 
210 |a Томск  |d 1979 
215 |a 40 л. 
610 1 |a отчеты о НИР 
610 1 |a аэростатные лебедки 
610 1 |a рамы 
610 1 |a автоматизированные технологические установки 
610 1 |a техническая документация 
610 1 |a опоры ручного привода 
610 1 |a плиты 
675 |a 621.864(04)  |v 3 
702 1 |a Беляев  |b А. Е.  |4 673 
702 1 |a Снегирев  |b Д. П.  |4 677 
712 0 2 |a Томский политехнический университет  |2 stltpush  |3 (RuTPU)RU\TPU\col\376  |4 595 
801 1 |a RU  |b 63413507  |c 20021226  |g PSBO 
801 2 |a RU  |b 63413507  |c 20090323  |g PSBO 
942 |c BK